नोबेल पुरस्कार विजेताओ की 51 कहानिया (Record no. 50273)
[ view plain ]
| 000 -LEADER | |
|---|---|
| fixed length control field | 00535nam a22001577a 4500 |
| 003 - CONTROL NUMBER IDENTIFIER | |
| control field | macl |
| 005 - DATE AND TIME OF LATEST TRANSACTION | |
| control field | 20150908115249.0 |
| 008 - FIXED-LENGTH DATA ELEMENTS--GENERAL INFORMATION | |
| fixed length control field | 150908b xxu||||| |||| 00| 0 eng d |
| 040 ## - CATALOGING SOURCE | |
| Transcribing agency | macl |
| 082 ## - DEWEY DECIMAL CLASSIFICATION NUMBER | |
| Classification number | 891.433/TIW/S |
| 100 ## - MAIN ENTRY--PERSONAL NAME | |
| Personal name | तिवारी, सुरेंद्र |
| 9 (RLIN) | 9152 |
| 245 ## - TITLE STATEMENT | |
| Title | नोबेल पुरस्कार विजेताओ की 51 कहानिया |
| 260 ## - PUBLICATION, DISTRIBUTION, ETC. (IMPRINT) | |
| Name of publisher, distributor, etc. | आर्य प्रकाशन मंडल |
| Date of publication, distribution, etc. | 2009 |
| 650 ## - SUBJECT ADDED ENTRY--TOPICAL TERM | |
| Topical term or geographic name as entry element | स्टोरीज |
| 9 (RLIN) | 9153 |
| 942 ## - ADDED ENTRY ELEMENTS (KOHA) | |
| Source of classification or shelving scheme | |
| Koha item type | Hindi Books |
| Withdrawn status | Lost status | Source of classification or shelving scheme | Damaged status | Not for loan | Home library | Current library | Date acquired | Cost, normal purchase price | Total Checkouts | Full call number | Barcode | Date last seen | Date last checked out | Price effective from | Koha item type |
|---|---|---|---|---|---|---|---|---|---|---|---|---|---|---|---|
| MACL | MACL | 08/09/2015 | 550.00 | 9 | 891.433/TIW/S | CRH023858 | 25/05/2019 | 04/05/2019 | 08/09/2015 | Hindi Books |









